Bernard Lahire, Les structures fondamentales des sociétés humaines, Éditions La Découverte, 2023, 970 pages. (notice n° 2080952)

détails MARC
000 -LEADER
fixed length control field 01551cam a2200157 4500500
005 - DATE AND TIME OF LATEST TRANSACTION
control field 20260405005106.0
041 ## - LANGUAGE CODE
Language code of text/sound track or separate title fre
042 ## - AUTHENTICATION CODE
Authentication code dc
100 10 - MAIN ENTRY--PERSONAL NAME
Personal name Heriard Dubreuil, Bertrand
Relator term author
245 00 - TITLE STATEMENT
Title Bernard Lahire, Les structures fondamentales des sociétés humaines, Éditions La Découverte, 2023, 970 pages.
260 ## - PUBLICATION, DISTRIBUTION, ETC.
Date of publication, distribution, etc. 2026.<br/>
500 ## - GENERAL NOTE
General note 32
520 ## - SUMMARY, ETC.
Summary, etc. In opposition to the ethical theories of the second half of the twentieth century, Elizabeth Anscombe inaugurated a philosophy of action that placed virtues back at the heart of ethical debate. Throughout her work, she developed an original type of moral realism centred on the notion of epistemic integrity. Following Socrates’ example, moral vigilance takes the form of a daimon reminding each of us of the need to examine our lives. For Anscombe, certain acts must be rejected outright, regardless of the cost to our well-being or the consequences. But this cannot be done at the expense of personal discernment or at the risk of alienation. Examining the deeper connections within Anscombe’s philosophy can ease these tensions if not completely resolve them. Prohibitions do not need to be decreed by an external authority in order to be absolute; they can impose themselves as an inner certainty on account of our spiritual nature.
786 0# - DATA SOURCE ENTRY
Note Revue d’éthique et de théologie morale | 331 | 1 | 2026-03-03 | p. 115-117 | 1266-0078
856 41 - ELECTRONIC LOCATION AND ACCESS
Uniform Resource Identifier <a href="https://shs.cairn.info/journal-revue-dethique-et-de-theologie-morale-2026-1-page-115?lang=en&redirect-ssocas=7080">https://shs.cairn.info/journal-revue-dethique-et-de-theologie-morale-2026-1-page-115?lang=en&redirect-ssocas=7080</a>

Pas d'exemplaire disponible.

PLUDOC

PLUDOC est la plateforme unique et centralisée de gestion des bibliothèques physiques et numériques de Guinée administré par le CEDUST. Elle est la plus grande base de données de ressources documentaires pour les Étudiants, Enseignants chercheurs et Chercheurs de Guinée.

Adresse

627 919 101/664 919 101

25 boulevard du commerce
Kaloum, Conakry, Guinée

Réseaux sociaux

Powered by Netsen Group @ 2025